000 01335cad a22002535a 4500
001 L151949
008 110113s2010 xxuabd f 000 0 eng d
035 _a(Sirsi) u151949
041 0 _aeng
050 0 4 _a306.1 $2 18
110 2 _aJoint Center for Housing Studies of Harvard University
_95768
245 0 4 _aThe state of the nation's housing 2010
_h[electronic resource]
260 _aCambridge, MA
_bPresident and Fellows of Harvard College
_c2010
505 2 _aExecutive summary -- Housing markets -- Demographic drivers -- Homeownership -- Rental housing -- Housing challenges -- Appendix tables
520 _aExamines the state of housing in the United States in 2010. Notes the fledging recovery in the housing market in 2010, rising employment, oversupply of vacant properties for rent and for sale including foreclosed homes. Homeowners are also facing problems of negative equity
521 _aAdvanced
590 _aKA
651 4 _aUnited States
_y1959-
690 _aPROPERTY-RESIDENTIAL PROPERTY-RESIDENTIAL PROPERTY MARKET
710 1 _aHavard University
_bGraduate School of Design
_95769
710 1 _aHavard University
_bHarvard Kennedy School
_95770
856 4 0 _uhttps://www.jchs.harvard.edu/publications/markets/son2010/son2010.pdf
_zView the report free of charge at www.jchs.harvard.edu...
942 _n0
999 _c111754
_d111754